<?xml version="1.0" encoding="UTF-8"?>
<record
    xmlns:xsi="http://www.w3.org/2001/XMLSchema-instance"
    xsi:schemaLocation="http://www.loc.gov/MARC21/slim http://www.loc.gov/standards/marcxml/schema/MARC21slim.xsd"
    xmlns="http://www.loc.gov/MARC21/slim">

  <leader>01412nam a2200313 i 4500</leader>
  <controlfield tag="003">DO-SdBNP</controlfield>
  <controlfield tag="005">20241015134935.0</controlfield>
  <controlfield tag="007">ta</controlfield>
  <controlfield tag="008">241014t1968    dr c          001 0 spa d</controlfield>
  <datafield tag="040" ind1=" " ind2=" ">
    <subfield code="a">DO-SdBNP</subfield>
    <subfield code="b">spa</subfield>
    <subfield code="c">BNPHU</subfield>
    <subfield code="e">rda</subfield>
  </datafield>
  <datafield tag="082" ind1=" " ind2="4">
    <subfield code="a">923.17293</subfield>
    <subfield code="b">T866, 1968</subfield>
    <subfield code="2">22</subfield>
  </datafield>
  <datafield tag="100" ind1="1" ind2=" ">
    <subfield code="a">Espaillat Rodr&#xED;guez, Arturo R</subfield>
    <subfield code="e">autor</subfield>
    <subfield code="4">aut.</subfield>
    <subfield code="9">44459</subfield>
  </datafield>
  <datafield tag="240" ind1="1" ind2="0">
    <subfield code="a">Trujillo : the last Caesar,</subfield>
    <subfield code="l">Espa&#xF1;ol</subfield>
  </datafield>
  <datafield tag="245" ind1="1" ind2="0">
    <subfield code="a">Trujillo :</subfield>
    <subfield code="b">el &#xFA;ltimo de los cesares /</subfield>
    <subfield code="c">Arturo R. Espaillat Rodr&#xED;guez ; traducci&#xF3;n y notas, Pedro Andr&#xE9;s P&#xE9;rez Cabral, Ram&#xF3;n Pina Acevedo y Mart&#xED;nez.</subfield>
  </datafield>
  <datafield tag="264" ind1=" " ind2="1">
    <subfield code="a">[Santo Domingo] :</subfield>
    <subfield code="b">[editor no identificado],</subfield>
    <subfield code="c">[1968].</subfield>
  </datafield>
  <datafield tag="300" ind1=" " ind2=" ">
    <subfield code="a">190 p&#xE1;ginas :</subfield>
    <subfield code="b">ilustraciones, fotograf&#xED;as,</subfield>
    <subfield code="c">23 cm.</subfield>
  </datafield>
  <datafield tag="336" ind1=" " ind2=" ">
    <subfield code="a">texto</subfield>
    <subfield code="b">txt</subfield>
    <subfield code="2">rdacontent</subfield>
  </datafield>
  <datafield tag="337" ind1=" " ind2=" ">
    <subfield code="a">sin mediaci&#xF3;n</subfield>
    <subfield code="b">n</subfield>
    <subfield code="2">rdamedia</subfield>
  </datafield>
  <datafield tag="338" ind1=" " ind2=" ">
    <subfield code="a">volumen</subfield>
    <subfield code="b">nc</subfield>
    <subfield code="2">rdacarrier</subfield>
  </datafield>
  <datafield tag="500" ind1=" " ind2=" ">
    <subfield code="a">Incluye notas de los traductores : p&#xE1;ginas 181-190</subfield>
  </datafield>
  <datafield tag="590" ind1=" " ind2=" ">
    <subfield code="a">Inventariado, 2024/ YL</subfield>
  </datafield>
  <datafield tag="600" ind1="1" ind2="0">
    <subfield code="a">Trujillo Molina, Rafael Le&#xF3;nidas,</subfield>
    <subfield code="d"> 1891-1961</subfield>
    <subfield code="9">76764</subfield>
  </datafield>
  <datafield tag="650" ind1=" " ind2="7">
    <subfield code="a">Presidentes</subfield>
    <subfield code="z">Rep&#xFA;blica Dominicana</subfield>
    <subfield code="v">Biograf&#xED;as</subfield>
    <subfield code="2">LEMB</subfield>
    <subfield code="9">1288</subfield>
  </datafield>
  <datafield tag="651" ind1=" " ind2="4">
    <subfield code="a">Rep&#xFA;blica Dominicana</subfield>
    <subfield code="x">Pol&#xED;tica  y gobierno </subfield>
    <subfield code="y">Era de Trujillo, 1930-1961 </subfield>
    <subfield code="9">56722</subfield>
  </datafield>
  <datafield tag="700" ind1="1" ind2=" ">
    <subfield code="a">P&#xE9;rez Cabral, Pedro Andr&#xE9;s,</subfield>
    <subfield code="b">1910-1981    </subfield>
    <subfield code="e">traducci&#xF3;n</subfield>
    <subfield code="4">trad.</subfield>
    <subfield code="9">429</subfield>
  </datafield>
  <datafield tag="700" ind1="1" ind2=" ">
    <subfield code="4">trad.</subfield>
    <subfield code="a">Pina Acevedo y Mart&#xED;nez, Ram&#xF3;n,</subfield>
    <subfield code="e">traducci&#xF3;n</subfield>
    <subfield code="9">36158</subfield>
  </datafield>
  <datafield tag="910" ind1=" " ind2=" ">
    <subfield code="a">Ylockward/Validado. Control de calidad MFF</subfield>
  </datafield>
  <datafield tag="942" ind1=" " ind2=" ">
    <subfield code="2">ddc</subfield>
    <subfield code="c">LBS1</subfield>
  </datafield>
  <datafield tag="952" ind1=" " ind2=" ">
    <subfield code="0">0</subfield>
    <subfield code="1">0</subfield>
    <subfield code="2">ddc</subfield>
    <subfield code="5">1</subfield>
    <subfield code="7">0</subfield>
    <subfield code="8">PD</subfield>
    <subfield code="a">BNPHU</subfield>
    <subfield code="b">BNPHU</subfield>
    <subfield code="c">HD</subfield>
    <subfield code="d">2014-10-01</subfield>
    <subfield code="e">Donada Bco. Reservas</subfield>
    <subfield code="l">0</subfield>
    <subfield code="o">BNPHU PD 923.17293 T866e 1968</subfield>
    <subfield code="p">2024-5800</subfield>
    <subfield code="r">2024-10-14</subfield>
    <subfield code="w">2024-10-14</subfield>
    <subfield code="y">LBS1</subfield>
    <subfield code="z">Perteneci&#xF3; a la biblioteca personal de German Emilio Ornes</subfield>
  </datafield>
  <datafield tag="952" ind1=" " ind2=" ">
    <subfield code="0">0</subfield>
    <subfield code="1">0</subfield>
    <subfield code="2">ddc</subfield>
    <subfield code="5">1</subfield>
    <subfield code="7">0</subfield>
    <subfield code="8">PD</subfield>
    <subfield code="a">BNPHU</subfield>
    <subfield code="b">BNPHU</subfield>
    <subfield code="c">HD</subfield>
    <subfield code="d">2015-12-01</subfield>
    <subfield code="e">Donado por Sonia Ginebra</subfield>
    <subfield code="l">0</subfield>
    <subfield code="o">BNPHU PD 923.17293 T866e 1968</subfield>
    <subfield code="p">2024-5801</subfield>
    <subfield code="r">2024-10-14</subfield>
    <subfield code="t">e. 2</subfield>
    <subfield code="w">2024-10-14</subfield>
    <subfield code="y">LBS1</subfield>
  </datafield>
  <datafield tag="952" ind1=" " ind2=" ">
    <subfield code="0">0</subfield>
    <subfield code="1">0</subfield>
    <subfield code="2">ddc</subfield>
    <subfield code="5">6</subfield>
    <subfield code="7">0</subfield>
    <subfield code="8">DS</subfield>
    <subfield code="a">BNPHU</subfield>
    <subfield code="b">BNPHU</subfield>
    <subfield code="c">HD</subfield>
    <subfield code="d">2015-12-01</subfield>
    <subfield code="e">Donado por Ilonka Nacidit Perdomo</subfield>
    <subfield code="l">0</subfield>
    <subfield code="o">BNPHU DS 923.17293 T866e 1968</subfield>
    <subfield code="p">2024-5802</subfield>
    <subfield code="r">2024-10-14</subfield>
    <subfield code="t">e. 3</subfield>
    <subfield code="w">2024-10-14</subfield>
    <subfield code="y">LBS1</subfield>
  </datafield>
  <datafield tag="999" ind1=" " ind2=" ">
    <subfield code="c">57847</subfield>
    <subfield code="d">57847</subfield>
  </datafield>
</record>
